000 00393pab a2200145 454500
008 180718b1983 xxu||||| |||| 00| 0 eng d
100 _aPuri, Harish K.
245 _aThe Akali agitation
_bAn analysis of socio - economic bases of protest
260 _c1983
300 _a113-18
362 _a22 Jan.
650 _aPunjab Question
773 _aEconomic and Political Weekly
909 _a16843
999 _c16843
_d16843